| 000 | 00557nam a2200205 a 4500 | ||
|---|---|---|---|
| 001 | 2425 | ||
| 003 | CDMR | ||
| 005 | 20131030160234.0 | ||
| 008 | 130130s2003||||||||||||||||||||||||||||d | ||
| 020 | _a8433925563 | ||
| 040 |
_aCDMR _bcat _cCDMR |
||
| 100 | 1 |
_aKapuscinski, Ryszard _9661 |
|
| 245 | 1 | 0 |
_aLapidarium IV _cRyszard Kapuscinski ; traducción de Agata Orzeszek |
| 250 | _a2a ed. | ||
| 260 |
_aBarcelona _c2003 _bAnagrama |
||
| 300 | _a158 p. | ||
| 490 | 0 |
_aCrónicas Anagrama _v56 |
|
| 650 | 0 | 4 |
_94154 _aPeriodistes _xRelats personals |
| 942 |
_cMON _2udc |
||
| 999 |
_c2425 _d2425 |
||